| 000 | 01133nam a2200229Ia 4500 | ||
|---|---|---|---|
| 999 |
_c50057 _d50057 |
||
| 001 | 16995 | ||
| 003 | GE_BSU | ||
| 005 | 20200203140845.0 | ||
| 008 | 181216s||||||||xx |||||||||||||| ||und|| | ||
| 040 | _cGE_BSU | ||
| 080 | _a94(479.223) | ||
| 100 |
_aცეცხლაძე, შოთა. _91699 |
||
| 245 |
_aაჭარის მოკლე ისტორია : ქრონოლოგიური ჩანაწერები / _cშოთა ცეცხლაძე ; რედ. ოთარ ფუტკარაძე. |
||
| 264 |
_aბათუმი : _bმედია ჯგუფი ,,აჭარა PS''-ის გამ-ბა, _c2015. |
||
| 300 |
_a57 გვ ; _bილ; _c19 სმ. |
||
| 504 | _aბიბლიოგრ.:გვ.55-56 | ||
| 653 | _aაჭარის ისტორიული მოვლენების ამსახველი მასალები | ||
| 653 | _aაჭარის მოკლე ისტორია | ||
| 653 | _aისტორია | ||
| 700 |
_aფუტკარაძე, ოთარ _eრედაქტორი _91700 |
||
| 942 |
_cBK _2udc |
||